[Event "HUN-chT2 Asztalos 1617"]
[Site "Hungary"]
[Date "2016.11.27"]
[Round "5.6"]
[White "Werner, Anna"]
[Black "Illes, Attila"]
[Result "1/2-1/2"]
[WhiteElo "1913"]
[BlackElo "1973"]
[PlyCount "21"]
[EventDate "2016.09.25"]
[EventType "team-tourn"]
[EventRounds "11"]
[EventCountry "HUN"]
[SourceTitle "EXT 2021"]
[Source "ChessBase"]
[SourceDate "2020.10.23"]
[SourceVersion "1"]
[SourceVersionDate "2020.10.23"]
[SourceQuality "1"]
[WhiteTeam "Decs 1990 II"]
[BlackTeam "Kaposvar Bastya"]
[WhiteTeamCountry "HUN"]
[BlackTeamCountry "HUN"]

1. d4 d5 2. c4 e6 3. cxd5 exd5 4. Nc3 c6 5. Nf3 Nf6 6. Bg5 Be7 7. Qc2 h6 8. Bh4 Be6 9. e3 Nbd7 10. Bd3 a6 11. 0-0 1/2-1/2

[Event "HUN-chT U18"]
[Site "Hajduboszormeny"]
[Date "2016.11.04"]
[Round "5.33"]
[White "Werner, Anna"]
[Black "Toth, Nikoletta"]
[Result "1/2-1/2"]
[WhiteElo "1913"]
[BlackElo "1721"]
[PlyCount "56"]
[EventDate "2016.11.02"]
[EventType "team-swiss"]
[EventRounds "8"]
[EventCountry "HUN"]
[SourceTitle "CBM 175 Extra"]
[Source "ChessBase"]
[SourceDate "2016.12.12"]
[SourceVersion "1"]
[SourceVersionDate "2016.12.12"]
[SourceQuality "1"]

1. d4 d5 2. c4 e6 3. cxd5 exd5 4. Nc3 c5 5. Nf3 Nc6 6. g3 Nf6 7. Bg2 Be6 8. 0-0 Be7 9. Bg5 c4 10. Ne5 h6 11. Bf4 Qb6 12. Qa4 0-0 13. Be3 Qxb2 14. Rfc1 Qb6 15. Rab1 Qc7 16. Bf4 Qc8 17. Nxc4 dxc4 18. d5 Bh3 19. dxc6 Bxg2 20. Kxg2 Qxc6+ 21. Qxc6 bxc6 22. Na4 Nd5 23. Rxc4 Rfc8 24. Rbc1 Nb6 25. Re4 Bf6 26. Be3 Nd5 27. Bf4 Be7 28. Rec4 Nb6 1/2-1/2

[Event "HUN-chT U18"]
[Site "Budapest"]
[Date "2015.08.30"]
[Round "8.39"]
[White "Werner, Anna"]
[Black "Kovacs, Bence"]
[Result "1/2-1/2"]
[WhiteElo "1999"]
[BlackElo "1921"]
[PlyCount "60"]
[EventDate "2015.08.26"]
[EventType "team-swiss"]
[EventRounds "8"]
[EventCountry "HUN"]
[SourceTitle "EXT 2016"]
[Source "ChessBase"]
[SourceDate "2015.10.08"]
[SourceVersion "1"]
[SourceVersionDate "2015.10.08"]
[SourceQuality "1"]

1. d4 Nf6 2. c4 g6 3. Nc3 d5 4. cxd5 Nxd5 5. Bd2 Bg7 6. e4 Nb6 7. Be3 0-0 8. h3 f5 9. exf5 Bxf5 10. Nf3 Nc6 11. Qb3+ Kh8 12. d5 Ne5 13. Nxe5 Bxe5 14. 0-0-0 c6 15. f4 Bg7 16. dxc6 Qc7 17. g4 Bc8 18. Kb1 Qxc6 19. Bb5 Be6 20. Bxc6 Bxb3 21. Bxb7 Bxd1 22. Bxa8 Nc4 23. Rxd1 Nxe3 24. Rd3 Nxg4 25. hxg4 Bxc3 26. Rxc3 Rxa8 27. Rc7 Rf8 28. Rxa7 Rxf4 29. Rxe7 Rxg4 30. Kc2 h5 1/2-1/2

[Event "HUN-chT U18"]
[Site "Budapest"]
[Date "2015.08.27"]
[Round "3.33"]
[White "Werner, Anna"]
[Black "Kaloczi, Kristof"]
[Result "1/2-1/2"]
[WhiteElo "1999"]
[BlackElo "1848"]
[PlyCount "108"]
[EventDate "2015.08.26"]
[EventType "team-swiss"]
[EventRounds "8"]
[EventCountry "HUN"]
[SourceTitle "EXT 2016"]
[Source "ChessBase"]
[SourceDate "2015.10.08"]
[SourceVersion "1"]
[SourceVersionDate "2015.10.08"]
[SourceQuality "1"]

1. d4 Nf6 2. c4 e6 3. Nf3 b6 4. Nc3 Bb4 5. Qc2 Bb7 6. e3 Ne4 7. Bd3 f5 8. Bd2 Bxc3 9. Bxc3 0-0 10. 0-0-0 d6 11. Ne1 Nd7 12. f3 Nxc3 13. Qxc3 Qe7 14. Nc2 e5 15. d5 f4 16. Rde1 Nc5 17. exf4 Rxf4 18. g3 Rf7 19. Be4 Raf8 20. f4 Re8 21. Kb1 Nxe4 22. Rxe4 Qf6 23. Rhe1 Rfe7 24. fxe5 Rxe5 25. Rxe5 Rxe5 26. Rxe5 Qxe5 27. Qxe5 dxe5 28. Ne3 Kf8 29. Kc2 Bc8 30. Kd3 Ke7 31. b4 Kd6 32. Ke4 g6 33. c5+ bxc5 34. Nc4+ Ke7 35. bxc5 Bf5+ 36. Kxe5 Bd3 37. Ne3 a6 38. d6+ cxd6+ 39. cxd6+ Kd7 40. Nd5 h5 41. h4 Bf5 42. Nf6+ Kc6 43. d7 Kc7 44. Kf4 a5 45. Kg5 a4 46. a3 Bc2 47. g4 hxg4 48. Kxg4 Kd8 49. Kg5 Ke7 50. Ng4 Kxd7 51. Ne5+ Kd6 52. Nxg6 Bd1 53. Kf4 Kd5 54. Ke3 Kc4 1/2-1/2

[Event "HUN-ch U18 Girls"]
[Site "Balatonlelle"]
[Date "2015.06.24"]
[Round "7"]
[White "Werner, Anna"]
[Black "Egyed, Viktoria"]
[Result "1/2-1/2"]
[WhiteElo "2039"]
[BlackElo "1975"]
[PlyCount "56"]
[EventDate "2015.06.18"]
[EventType "tourn"]
[EventRounds "7"]
[EventCountry "HUN"]
[SourceTitle "CBM 167 Extra"]
[Source "ChessBase"]
[SourceDate "2015.09.14"]
[SourceVersion "1"]
[SourceVersionDate "2015.09.14"]
[SourceQuality "1"]

1. d4 d5 2. c4 e6 3. cxd5 exd5 4. Nc3 c5 5. Nf3 Nc6 6. Bf4 Nf6 7. e3 Bd6 8. Bxd6 Qxd6 9. dxc5 Qxc5 10. Bd3 0-0 11. 0-0 Bg4 12. Be2 Rad8 13. Nd4 Bxe2 14. Ncxe2 Rfe8 15. Rc1 Qd6 16. h3 Ne4 17. a3 Ng5 18. Qd3 Nxd4 19. Nxd4 Re4 20. Nf5 Qf6 21. Ng3 Ree8 22. Qf5 Qxf5 23. Nxf5 Ne6 24. Rfd1 g6 25. Nd4 Re7 26. Rc2 a6 27. Nb3 Red7 28. Kf1 Kf8 1/2-1/2

[Event "HUN-ch U18 Girls"]
[Site "Balatonlelle"]
[Date "2015.06.19"]
[Round "2"]
[White "Werner, Anna"]
[Black "Terbe, Zsuzsanna"]
[Result "1/2-1/2"]
[WhiteElo "2039"]
[BlackElo "2123"]
[PlyCount "111"]
[EventDate "2015.06.18"]
[EventType "tourn"]
[EventRounds "7"]
[EventCountry "HUN"]
[SourceTitle "CBM 167 Extra"]
[Source "ChessBase"]
[SourceDate "2015.09.14"]
[SourceVersion "1"]
[SourceVersionDate "2015.09.14"]
[SourceQuality "1"]

1. d4 d5 2. c4 c6 3. Nf3 Nf6 4. Nbd2 Bf5 5. Nh4 Be6 6. e3 g6 7. Bd3 Bg7 8. 0-0 0-0 9. b3 c5 10. Bb2 cxd4 11. Bxd4 Nc6 12. Bb2 Qc7 13. Nhf3 Rfd8 14. Qe2 Nb4 15. Be5 Qc8 16. cxd5 Nxd3 17. Qxd3 Bxd5 18. Rac1 Bc6 19. Qc2 Qe6 20. Qb2 Rd7 21. Bc3 Qd5 22. e4 Qh5 23. Ne5 Ng4 24. Nxg4 Bxc3 25. Qxc3 Qxg4 26. f3 Qg5 27. Nc4 Rad8 28. Qe5 Qh4 29. Qg3 Qxg3 30. hxg3 Bb5 31. Kh2 Rd4 32. Rb1 b6 33. Rfc1 Bxc4 34. bxc4 Rd2 35. a4 Ra2 36. Rb4 Rdd2 37. Rg1 Kg7 38. g4 Rd3 39. Kg3 Rda3 40. Rd1 Rxa4 41. Rxa4 Rxa4 42. Rd7 Kf6 43. e5+ Ke6 44. Rc7 g5 45. Kf2 Ra5 46. g3 Rc5 47. Rxa7 Rxc4 48. Rb7 Rb4 49. Ke3 f6 50. exf6 Kxf6 51. f4 h6 52. Rb8 Rb3+ 53. Kf2 Kf7 54. Rh8 b5 55. Rxh6 Rd3 56. Rb6 1/2-1/2

[Event "World ol U16"]
[Site "Gyor"]
[Date "2014.12.15"]
[Round "4.4"]
[White "Werner, Anna"]
[Black "Vasova, Mariya"]
[Result "0-1"]
[WhiteElo "1999"]
[BlackElo "2031"]
[PlyCount "130"]
[EventDate "2014.12.13"]
[EventType "team-swiss"]
[EventRounds "10"]
[EventCountry "HUN"]
[SourceTitle "EXT 2016"]
[Source "ChessBase"]
[SourceDate "2015.10.08"]
[SourceVersion "1"]
[SourceVersionDate "2015.10.08"]
[SourceQuality "1"]
[WhiteTeam "Hungary II"]
[BlackTeam "Bulgaria"]
[WhiteTeamCountry "HUN"]
[BlackTeamCountry "BUL"]

1. d4 d5 2. c4 c6 3. Nf3 Nf6 4. e3 g6 5. Nc3 Bg7 6. Bd3 0-0 7. 0-0 Nbd7 8. e4 dxe4 9. Nxe4 Nxe4 10. Bxe4 Nf6 11. Bc2 Bg4 12. Be3 Ne8 13. Re1 Nd6 14. Bd3 Nf5 15. Qc2 Nxe3 16. fxe3 Bxf3 17. gxf3 e5 18. dxe5 Bxe5 19. Rab1 Qe7 20. b3 Rad8 21. Rbd1 Qc5 22. Kh1 Bg7 23. Bf1 Bh6 24. e4 Bg7 25. Rxd8 Rxd8 26. Rd1 Rd4 27. Rxd4 Bxd4 28. Qd3 Qd6 29. Bh3 c5 30. Qd2 Kg7 31. Bg2 Qf6 32. Qe2 Qf4 33. Bf1 h5 34. Qg2 Qe3 35. h3 a5 36. Be2 Qc1+ 37. Bf1 Qe3 38. Be2 b6 39. Bf1 Qc1 40. Qe2 Qe3 41. Qxe3 Bxe3 42. Kg2 Kf6 43. Bd3 Ke5 44. Kf1 Kd4 45. Ke2 Bf4 46. Bc2 f6 47. a4 Bg3 48. Kd2 Bf4+ 49. Ke2 Kc3 50. Bd1 g5 51. Ke1 h4 52. Ke2 Bd2 53. Kf2 Kd3 54. Kf1 Be3 55. Ke1 Bf4 56. Be2+ Ke3 57. Kd1 Kf2 58. Bd3 Kxf3 59. Ke1 Kg3 60. Bf1 g4 61. hxg4 h3 62. Bxh3 Kxh3 63. Kf2 Kxg4 64. Ke2 Be5 65. Ke3 Bd4+ 0-1

[Event "HUN-chT2 Asztalos 1415"]
[Site "Hungary"]
[Date "2014.11.30"]
[Round "3"]
[White "Werner, Anna"]
[Black "Hovorka, Tamas"]
[Result "1-0"]
[WhiteElo "1965"]
[BlackElo "2081"]
[PlyCount "37"]
[EventDate "2014.10.12"]
[EventType "team-tourn"]
[EventRounds "9"]
[EventCountry "HUN"]
[SourceTitle "EXT 2016"]
[Source "ChessBase"]
[SourceDate "2015.10.08"]
[SourceVersion "1"]
[SourceVersionDate "2015.10.08"]
[SourceQuality "1"]
[WhiteTeam "Decs II"]
[BlackTeam "Pecs Karmin"]
[WhiteTeamCountry "HUN"]
[BlackTeamCountry "HUN"]

1. d4 d5 2. c4 e6 3. cxd5 exd5 4. Nc3 Nf6 5. Bg5 Be7 6. e3 c6 7. Bd3 0-0 8. Qc2 h6 9. Bh4 Nh5 10. Bxe7 Qxe7 11. Nge2 Qg5 12. Rg1 f5 13. 0-0-0 Qe7 14. h3 Qh4 15. g3 Qe7 16. g4 fxg4 17. hxg4 Nf6 18. Nf4 Bxg4 19. Rxg4 1-0

[Event "HUN-chT2 Charousek 1415"]
[Site "Hungary"]
[Date "2014.10.12"]
[Round "1"]
[White "Felde, Bence"]
[Black "Werner, Anna"]
[Result "0-1"]
[WhiteElo "1906"]
[BlackElo "2036"]
[PlyCount "70"]
[EventDate "2014.10.12"]
[EventType "team-tourn"]
[EventRounds "9"]
[EventCountry "HUN"]
[SourceTitle "EXT 2016"]
[Source "ChessBase"]
[SourceDate "2015.10.08"]
[SourceVersion "1"]
[SourceVersionDate "2015.10.08"]
[SourceQuality "1"]
[WhiteTeam "Aquaprofit II"]
[BlackTeam "Decs"]
[WhiteTeamCountry "HUN"]
[BlackTeamCountry "HUN"]

1. d4 d5 2. Nf3 Nf6 3. e3 Bf5 4. b3 e6 5. Bb2 Nbd7 6. Be2 Bd6 7. 0-0 0-0 8. c4 c5 9. Nc3 b6 10. Nb5 Bb8 11. Rc1 a6 12. Nc3 Ne4 13. dxc5 Ndxc5 14. Nd4 Qd6 15. f4 Nxc3 16. Bxc3 dxc4 17. Nxf5 exf5 18. Bxc4 Rd8 19. Qh5 Qg6 20. Qh4 Bc7 21. Bd4 Re8 22. Rf3 Bd8 23. Qh3 Bf6 24. Rg3 Bxd4 25. Rxg6 Bxe3+ 26. Kf1 hxg6 27. Qf3 Bxc1 28. g3 Ne4 29. Kg2 Nd2 30. Qc3 Nxc4 31. Qxc4 Be3 32. a4 a5 33. Qb5 Bc5 34. Kh3 Re3 35. Qc4 Rd8 0-1

[Event "HUN-ch U16 Girls"]
[Site "Balatonlelle"]
[Date "2014.06.28"]
[Round "9"]
[White "Fekete, Agnes"]
[Black "Werner, Anna"]
[Result "1/2-1/2"]
[WhiteElo "1719"]
[BlackElo "1967"]
[PlyCount "24"]
[EventDate "2014.06.20"]
[EventType "tourn"]
[EventRounds "9"]
[EventCountry "HUN"]
[SourceTitle "EXT 2024"]
[Source "ChessBase"]
[SourceDate "2023.10.10"]
[SourceVersion "1"]
[SourceVersionDate "2023.10.10"]
[SourceQuality "1"]

1. c4 e6 2. d3 d5 3. cxd5 exd5 4. Nf3 Nf6 5. g3 c5 6. Bg2 Nc6 7. 0-0 Be7 8. Nc3 d4 9. Nb5 a6 10. Na3 0-0 11. Nc4 Nd5 12. Ne1 Be6 1/2-1/2

[Event "HUN-ch U16 Girls"]
[Site "Balatonlelle"]
[Date "2014.06.24"]
[Round "5"]
[White "Vanczak, Virag"]
[Black "Werner, Anna"]
[Result "0-1"]
[WhiteElo "1489"]
[BlackElo "1967"]
[PlyCount "42"]
[EventDate "2014.06.20"]
[EventType "tourn"]
[EventRounds "9"]
[EventCountry "HUN"]
[SourceTitle "EXT 2024"]
[Source "ChessBase"]
[SourceDate "2023.10.10"]
[SourceVersion "1"]
[SourceVersionDate "2023.10.10"]
[SourceQuality "1"]

1. e4 e6 2. d4 d5 3. e5 c5 4. c3 Qb6 5. Nf3 Nc6 6. a3 f6 7. Bd3 fxe5 8. Nxe5 Nf6 9. f4 cxd4 10. Nxc6 bxc6 11. cxd4 c5 12. Be3 c4 13. Bc2 Qxb2 14. Nd2 Qc3 15. Bf2 Bd6 16. g3 0-0 17. 0-0 Rb8 18. Rb1 Bd7 19. Nf3 Rxb1 20. Bxb1 Qxa3 21. Ne5 Ba4 0-1

[Event "HUN-chT2 Asztalos 1314"]
[Site "Hungary"]
[Date "2014.04.27"]
[Round "9"]
[White "Werner, Anna"]
[Black "Ragyelik, Andras"]
[Result "1/2-1/2"]
[WhiteElo "1923"]
[BlackElo "1808"]
[PlyCount "45"]
[EventDate "2013.09.08"]
[EventType "team-tourn"]
[EventRounds "9"]
[EventCountry "HUN"]
[SourceTitle "EXT 2016"]
[Source "ChessBase"]
[SourceDate "2015.10.08"]
[SourceVersion "1"]
[SourceVersionDate "2015.10.08"]
[SourceQuality "1"]
[WhiteTeam "Decs 1990 II"]
[BlackTeam "Kiraly Sakk"]
[WhiteTeamCountry "HUN"]
[BlackTeamCountry "HUN"]

1. d4 Nf6 2. c4 e6 3. Nf3 Bb4+ 4. Bd2 c5 5. a3 Bxd2+ 6. Qxd2 b6 7. Nc3 d5 8. e3 Ba6 9. dxc5 bxc5 10. Be2 0-0 11. Rd1 Bb7 12. 0-0 Qd6 13. Qc2 Rd8 14. Rd2 Nc6 15. Rfd1 Ne7 16. Rb1 a5 17. e4 Qc7 18. cxd5 exd5 19. exd5 Nexd5 20. Rbd1 Nxc3 21. Rxd8+ Rxd8 22. Rxd8+ Qxd8 23. Qxc3 1/2-1/2

[Event "Augsburg Ibis 10th"]
[Site "Augsburg"]
[Date "2014.01.03"]
[Round "4"]
[White "Werner, Anna"]
[Black "Nagy, Laszlo3333"]
[Result "1-0"]
[WhiteElo "1944"]
[BlackElo "1923"]
[PlyCount "77"]
[EventDate "2014.01.02"]
[EventType "tourn"]
[EventRounds "7"]
[EventCountry "GER"]
[SourceTitle "EXT 2015"]
[Source "ChessBase"]
[SourceDate "2014.11.20"]
[SourceVersion "1"]
[SourceVersionDate "2014.11.20"]
[SourceQuality "1"]

1. d4 Nf6 2. c4 g6 3. Nc3 d6 4. e4 Bg7 5. Be2 0-0 6. Nf3 Nc6 7. 0-0 e5 8. Be3 Bg4 9. d5 Ne7 10. Nd2 Bxe2 11. Qxe2 Ne8 12. b4 f5 13. f3 f4 14. Bf2 g5 15. c5 h5 16. Nc4 Rf6 17. Na5 b6 18. cxd6 cxd6 19. Nc6 Qd7 20. Rac1 Rg6 21. Na4 Nxc6 22. dxc6 Qe7 23. Nc3 Nc7 24. a4 g4 25. a5 bxa5 26. bxa5 g3 27. Be1 gxh2+ 28. Kh1 Kh7 29. Nd5 Qf7 30. Nxc7 Qxc7 31. Qa6 Rb8 32. Bf2 Rb2 33. Qxa7 Qd8 34. Qd7 Qg5 35. Qh3 Rb8 36. c7 Rg8 37. c8Q Bf8 38. Qcf5 Qh6 39. Qfxh5 1-0

[Event "Augsburg Ibis 10th"]
[Site "Augsburg"]
[Date "2014.01.02"]
[Round "1"]
[White "Werner, Anna"]
[Black "Bilchinski, Anton"]
[Result "0-1"]
[WhiteElo "1944"]
[BlackElo "1920"]
[PlyCount "60"]
[EventDate "2014.01.02"]
[EventType "tourn"]
[EventRounds "7"]
[EventCountry "GER"]
[SourceTitle "EXT 2015"]
[Source "ChessBase"]
[SourceDate "2014.11.20"]
[SourceVersion "1"]
[SourceVersionDate "2014.11.20"]
[SourceQuality "1"]

1. d4 Nf6 2. c4 e6 3. Nf3 b6 4. Nc3 Bb4 5. e3 Bb7 6. Bd3 Ne4 7. Qc2 f5 8. Bd2 Bxc3 9. Bxc3 0-0 10. 0-0-0 d6 11. Rhf1 Nd7 12. Ne1 Nxc3 13. bxc3 Qg5 14. Kb1 Nf6 15. d5 exd5 16. Nf3 Qh5 17. Bxf5 dxc4 18. Rd4 g6 19. Be6+ Kh8 20. Bxc4 Rae8 21. Rh4 Be4 22. Bd3 Qd5 23. Rd1 g5 24. Rh6 Bxd3 25. Rxd3 Qb5+ 26. Ka1 g4 27. c4 Qf5 28. Nh4 Qg5 29. Ng6+ Kg7 30. Nxf8 Qxh6 0-1

[Event "HUN-ch U16 Girls"]
[Site "Balatonlelle"]
[Date "2013.06.28"]
[Round "8"]
[White "Werner, Anna"]
[Black "Terbe, Zsuzsanna"]
[Result "1/2-1/2"]
[WhiteElo "1871"]
[BlackElo "1866"]
[PlyCount "46"]
[EventDate "2013.??.??"]
[EventType "tourn"]
[EventRounds "9"]
[EventCountry "HUN"]
[SourceTitle "EXT 2014"]
[Source "ChessBase"]
[SourceDate "2013.11.20"]
[SourceVersion "1"]
[SourceVersionDate "2013.11.20"]
[SourceQuality "1"]

1. d4 c5 2. d5 e5 3. c4 d6 4. Nc3 g6 5. e4 Bg7 6. Bd3 Ne7 7. Be3 0-0 8. Nge2 f5 9. f3 Na6 10. Qd2 f4 11. Bf2 Nc7 12. a3 a6 13. b4 b6 14. Na4 Ne8 15. bxc5 bxc5 16. Rb1 Nf6 17. 0-0 g5 18. Nb6 Rb8 19. Nxc8 Qxc8 20. Rxb8 Qxb8 21. Rb1 Qc7 22. Nc3 Rb8 23. Qc2 Nc8 1/2-1/2

[Event "HUN-ch U16 Girls"]
[Site "Balatonlelle"]
[Date "2013.06.26"]
[Round "6"]
[White "Fekete, Agnes"]
[Black "Werner, Anna"]
[Result "0-1"]
[WhiteElo "1701"]
[BlackElo "1871"]
[PlyCount "140"]
[EventDate "2013.??.??"]
[EventType "tourn"]
[EventRounds "9"]
[EventCountry "HUN"]
[SourceTitle "EXT 2014"]
[Source "ChessBase"]
[SourceDate "2013.11.20"]
[SourceVersion "1"]
[SourceVersionDate "2013.11.20"]
[SourceQuality "1"]

1. c4 e5 2. d3 c6 3. Nf3 Nf6 4. g3 Bc5 5. Bg2 d6 6. 0-0 0-0 7. Nc3 h6 8. a3 a5 9. Rb1 Be6 10. b4 axb4 11. axb4 Bb6 12. Na4 Nbd7 13. Bd2 d5 14. Nxb6 Qxb6 15. b5 Qc7 16. bxc6 bxc6 17. cxd5 cxd5 18. Qc1 Rfc8 19. Qxc7 Rxc7 20. Rfc1 Rac8 21. Rxc7 Rxc7 22. Rb5 Rc2 23. Ba5 Rxe2 24. h3 Rc2 25. Bd8 Rc1+ 26. Kh2 Rd1 27. Bc7 e4 28. dxe4 Nxe4 29. Rb2 Ndc5 30. Ne5 Rd2 31. Rb8+ Kh7 32. f3 Nf2 33. g4 Na6 34. Rb7 Nxc7 35. Rxc7 Nd1 36. Rc1 Ne3 37. Rg1 d4 38. Kg3 Bd5 39. Bf1 f6 40. Nd7 Rd1 41. Kf2 Nxf1 42. Rxf1 Rxf1+ 43. Kxf1 Bxf3 44. Kf2 Bd1 45. Nc5 h5 46. Kg3 hxg4 47. hxg4 Be2 48. Kf4 Kg6 49. Nb3 d3 50. Nd2 Kf7 51. g5 Ke6 52. gxf6 Kxf6 53. Ne4+ Kg6 54. Ke5 Kh5 55. Kf4 Kh4 56. Ke3 g5 57. Kf2 g4 58. Nd2 Kg5 59. Kg3 Kf5 60. Kg2 Ke5 61. Kf2 Kd4 62. Nb1 Kc4 63. Ke3 g3 64. Nd2+ Kc3 65. Nb1+ Kb2 66. Nd2 Kc2 67. Ne4 g2 68. Kf2 Bf1 69. Ng3 d2 70. Nxf1 gxf1Q+ 0-1

[Event "HUN-ch U16 Girls"]
[Site "Balatonlelle"]
[Date "2013.06.23"]
[Round "3"]
[White "Werner, Anna"]
[Black "Acs, Petra"]
[Result "1-0"]
[WhiteElo "1871"]
[BlackElo "1699"]
[PlyCount "31"]
[EventDate "2013.??.??"]
[EventType "tourn"]
[EventRounds "9"]
[EventCountry "HUN"]
[SourceTitle "EXT 2014"]
[Source "ChessBase"]
[SourceDate "2013.11.20"]
[SourceVersion "1"]
[SourceVersionDate "2013.11.20"]
[SourceQuality "1"]

1. e4 e6 2. d4 d5 3. Nc3 dxe4 4. Nxe4 Bd7 5. Nf3 Bc6 6. Bd3 Nd7 7. Qe2 Ngf6 8. Ng3 Be7 9. 0-0 0-0 10. Ne5 Re8 11. Rd1 Nxe5 12. dxe5 Nd7 13. Qg4 Kh8 14. Bf4 Rg8 15. Bxh7 Qe8 16. Qh5 1-0

[Event "HUN-ch U16 Girls"]
[Site "Balatonlelle"]
[Date "2013.06.21"]
[Round "1"]
[White "Werner, Anna"]
[Black "Terbe, Julianna"]
[Result "0-1"]
[WhiteElo "1871"]
[BlackElo "1928"]
[PlyCount "76"]
[EventDate "2013.??.??"]
[EventType "tourn"]
[EventRounds "9"]
[EventCountry "HUN"]
[SourceTitle "EXT 2014"]
[Source "ChessBase"]
[SourceDate "2013.11.20"]
[SourceVersion "1"]
[SourceVersionDate "2013.11.20"]
[SourceQuality "1"]

1. d4 d5 2. c4 c6 3. Nf3 Nf6 4. Nbd2 g6 5. e3 Bg7 6. Bd3 0-0 7. 0-0 Nbd7 8. e4 dxe4 9. Nxe4 Nxe4 10. Bxe4 Qc7 11. Re1 e5 12. dxe5 Nxe5 13. Bf4 Nxf3+ 14. Qxf3 Qa5 15. Qb3 Qb6 16. Re2 Bg4 17. Bf3 Bxf3 18. Qxf3 Rfe8 19. Be3 Qb4 20. Rc1 Re6 21. b3 Rae8 22. Rd1 Qc3 23. Rc1 Qxc1+ 24. Bxc1 Rxe2 25. g3 Re1+ 26. Kg2 Rxc1 27. Qd3 Rce1 28. Qd7 R1e7 29. Qd3 c5 30. a4 Bd4 31. Qf3 b6 32. Kh3 Re2 33. Qb7 R8e7 34. Qc8+ Kg7 35. f4 Bg1 36. f5 Rxh2+ 37. Kg4 h5+ 38. Kf4 Be3+ 0-1

[Event "HUN-ch U14 Girls"]
[Site "Balatonlelle"]
[Date "2012.06.26"]
[Round "5"]
[White "Werner, Anna"]
[Black "Gal, Hanna Krisztina"]
[Result "0-1"]
[WhiteElo "1859"]
[BlackElo "1976"]
[PlyCount "86"]
[EventDate "2012.06.22"]
[EventType "tourn"]
[EventRounds "9"]
[EventCountry "HUN"]
[SourceTitle "EXT 2014"]
[Source "ChessBase"]
[SourceDate "2013.11.20"]
[SourceVersion "1"]
[SourceVersionDate "2013.11.20"]
[SourceQuality "1"]

1. d4 Nf6 2. c4 e6 3. g3 c5 4. Nf3 Qb6 5. e3 Nc6 6. dxc5 Bxc5 7. Nc3 0-0 8. a3 Be7 9. Bg2 a6 10. 0-0 Qc7 11. b4 d5 12. cxd5 Nxb4 13. d6 Bxd6 14. axb4 Qxc3 15. Bd2 Qc7 16. b5 Bd7 17. Rc1 Qb6 18. bxa6 Rxa6 19. Rb1 Qa7 20. Nd4 Rb6 21. Ra1 Qb8 22. f4 e5 23. Nc2 Be6 24. Qf3 Rb2 25. Rfc1 Rc8 26. Qd1 Bg4 27. Qf1 Rbxc2 28. Rxc2 Rxc2 29. Qd3 Rc8 30. Rb1 e4 31. Bxe4 Nxe4 32. Qxe4 b5 33. f5 Be2 34. Kf2 Bc4 35. f6 Be5 36. fxg7 Bxg7 37. Qg4 Be6 38. Qg5 Rc2 39. Ke1 Qa8 40. Kd1 Rc8 41. Qxb5 Qh1+ 42. Ke2 Qg2+ 43. Ke1 Bc4 0-1

[Event "HUN-ch U14 Girls"]
[Site "Balatonlelle"]
[Date "2012.06.24"]
[Round "3"]
[White "Werner, Anna"]
[Black "Egyed, Viktoria"]
[Result "0-1"]
[WhiteElo "1859"]
[BlackElo "1705"]
[PlyCount "82"]
[EventDate "2012.06.22"]
[EventType "tourn"]
[EventRounds "9"]
[EventCountry "HUN"]
[SourceTitle "EXT 2014"]
[Source "ChessBase"]
[SourceDate "2013.11.20"]
[SourceVersion "1"]
[SourceVersionDate "2013.11.20"]
[SourceQuality "1"]

1. d4 Nf6 2. c4 g6 3. Nc3 Bg7 4. e4 d6 5. Be2 0-0 6. Nf3 e5 7. Be3 Nc6 8. d5 Ne7 9. Nd2 Nd7 10. g4 f6 11. Qc2 a6 12. 0-0-0 Nc5 13. h4 b5 14. b4 Na4 15. Nxa4 bxa4 16. Qxa4 Bd7 17. Qb3 c6 18. c5 cxd5 19. cxd6 Nc6 20. Qxd5+ Kh8 21. Bc5 Rc8 22. Nc4 a5 23. h5 Bh6+ 24. Kc2 g5 25. a3 axb4 26. axb4 Nd4+ 27. Bxd4 Ba4+ 28. Kd2 exd4 29. Ra1 Bc6 30. Qxd4 Rf7 31. Rhb1 Bg7 32. Qb6 Qe8 33. f3 f5 34. gxf5 Rb7 35. Qe3 Bb5 36. Qb3 Qd8 37. e5 Bxc4 38. Bxc4 Bxe5 39. Ra5 Qxd6+ 40. Rd5 Bf4+ 41. Kd1 Qb6 0-1